00397nam a2200169Ia 4500008004100000082001300041082001400054100001800068245002000086260003000106260000700136300000800143600001800151630002000169700001800189730002000207151121s9999||||xx |||||||||||||| ||und|| a823-/FER bHNW-42004 aFerrars E। 2aA Legal Fiction b"The crime Club, London" c-- a191 aFerrars E। aA Legal Fiction aFerrars E। aA Legal Fiction